Catalunya A-Z - Statistics

General Stats
  • This quiz has been taken 24 times
  • The average score is 19 of 26
Answer Stats
Pista Resposta % Correct
A País veí. Andorra
100%
B Ciutat més poblada. Barcelona
100%
D Pintor surrealista. Salvador Dalí
100%
E El riu més cabalós. Ebre
95%
F L'altre veí. França
95%
H 2a ciutat més poblada. L'Hospitalet de Llobregat
95%
T Ciutat romana a la Costa Daurada. Tarragona
95%
I El 27 d'octubre del 2017, va durar 8 segons. Independència
90%
S L'edifici més alt de Barcelona. La Sagrada Família
90%
M Patrona de Catalunya. Montserrat
90%
V Capital de la Vall d'Aran. Vielha e Mijaran
90%
C Trobada multitudinària per menjar cebes cuites. Calçotada
85%
P Se celebra a Berga cada corpus. La Patum de Berga
80%
L Capital de la terra ferma. Lleida
75%
R Nascut a Mallorca, considerat el pare de la literatura catalana. Ramon Llull
75%
J Sant dels Països Catalans. Sant Joan
75%
Z Està situat dins el parc de la Ciutadella. Zoo
75%
G A tots ens enamora. La travessa l'Onyar. Girona
65%
Q Semblant al Bingo, es juga per Nadal, sovint multitudinàriament. Quina
60%
O Fins fa poc era considerat el text més antic escrit en català. H... d'{Organyà}
55%
U Hi ha el poblat ibèric més gran de Catalunya. Ullastret
55%
K Jugador històric del Barça. László Kubala
50%
Y Conté la Y. Es vesteixen per ballar sardanes. Espardenyes
40%
N Nom de l'inventor del submarí. Narcís Monturiol
40%
X Salsa típica catalana que amaneix escarola, anxova, bacallà... Xató
30%
W Filòsof alemany d'origen jueu que es va suïcidar a Portbou. Walter Benjamin
25%
No matching quizzes found
Score Distribution
Percent of People with Each Score
Percentile by Number Answered
Your Score History
You have not taken this quiz